00375nam a2200145 a 450008200160000010000240001624500290004026000470006930000080011650000350012450500130015965000200017265000130019270000240020500a304.66bCHA aChatterjee, Saral K aLegalisation of Abortion aMadrasbChristian Literature Societyc1971 a71p aincludes index and biblioraphy2 aAppendix aFamily-Planning aAbortion1 aChatterjee, Saral K